ბათუმის შოთა რუსთაველის სახელმწიფო უნივერსიტეტის ბიბლიოთეკა

ალაზანი დიდია (ბიბ.ჩანაწერი № 49075)

000 -LEADER
fixed length control field 00874nam a2200229Ia 4500
001 - CONTROL NUMBER
control field 15982
003 - CONTROL NUMBER IDENTIFIER
control field GE_BSU
008 - FIXED-LENGTH DATA ELEMENTS--GENERAL INFORMATION
fixed length control field 181216s||||||||xx |||||||||||||| ||und||
040 ## - CATALOGING SOURCE
Transcribing agency GE_BSU
080 ## - UNIVERSAL DECIMAL CLASSIFICATION NUMBER
Universal Decimal Classification number 821.353.1-4
100 ## - MAIN ENTRY--PERSONAL NAME
Personal name ჯაფარიძე, რევაზ
245 ## - TITLE STATEMENT
Title ალაზანი დიდია
245 ## - TITLE STATEMENT
Remainder of title წითელწყაროს რ-ნის სოფ. ჯაფარიძის კოლ-ბა
245 ## - TITLE STATEMENT
Statement of responsibility, etc. რედ.ვ.მადანი-ნიქაბაძე. მხ.რ.მაჭარაშვილი
260 ## - PUBLICATION, DISTRIBUTION, ETC.
Place of publication, distribution, etc. თბილისი
260 ## - PUBLICATION, DISTRIBUTION, ETC.
Name of publisher, distributor, etc. საბჭ. საქართველო
260 ## - PUBLICATION, DISTRIBUTION, ETC.
Date of publication, distribution, etc. 1981
300 ## - PHYSICAL DESCRIPTION
Extent 78გვ. ; 16სმ
653 ## - INDEX TERM--UNCONTROLLED
Uncontrolled term ალაზანი დიდია
653 ## - INDEX TERM--UNCONTROLLED
Uncontrolled term კოლმეურნეობები საქართველოში
942 ## - ADDED ENTRY ELEMENTS (KOHA)
Koha item type წიგნი
ეგზემპლარები
Withdrawn status Lost status Damaged status Not for loan Date acquired Barcode Date last seen Price effective from Koha item type
        2018-12-17 39661 2018-12-17 2018-12-17 წიგნი
        2018-12-17 39662 2018-12-17 2018-12-17 წიგნი